Comunicación y Educación: una propuesta de convivencia y desarrollo social /
Spremljeno u:
| Glavni autor: | |
|---|---|
| Format: | Tekst |
| Teme: | |
| Oznake: |
Dodaj oznaku
Bez oznaka, Budi prvi tko označuje ovaj zapis!
|
MARC
| LEADER | 00000 a a2200000 04500 | ||
|---|---|---|---|
| 001 | 3679 | ||
| 003 | |||
| 040 | |||
| 100 | |a Marín Ochoa, Beatriz Elena | ||
| 245 | |a Comunicación y Educación: |b una propuesta de convivencia y desarrollo social / |c Beatriz Elena Marín Ochoa | ||
| 650 | |a TELEVISION EDUCATIVA | ||
| 650 | |a EDUCACION COMUNITARIA | ||
| 650 | |a MEDIOS DE COMUNICACION | ||
| 650 | |a EDUCACION | ||
| 773 | |g número 22; páginas 27-33 | ||
| 999 | |c 38481 |d 38481 | ||
